000 00497nam a22001697a 4500
005 20240617084359.0
008 240617b |||||||| |||| 00| 0 eng d
020 _a0406851115
041 _aEnglish
082 _a349 LAW
100 _lEnglish
245 _aThe All England Law Reports: Reprint
260 _aLondon:
_bButterworth and Co. Publishers Ltd,
_c1975
300 _bxliv, 1088 pages;
_c25 cm.
650 _aLegal practice
_bLaw
942 _cBK
_6ALISON_BN_VRIES
999 _c1974
_d1974